Southville International School and Colleges
Your cart is empty.
  • Cart
  • Lists
    Public lists Eva Luna New books Lux_list list_1
    Your lists Log in to create your own lists
  • Log in to your account
  • Your cookies
  • Search history
Southville International School and Colleges
  • Advanced search
  • Recent comments
  • Most popular
  • Libraries

Log in to your account

Log in with GOOGLE


If you do not have an external account, but do have a local account, you can still log in:

  1. Home
  2. MARC view: Nostradamus, bibliomancer :
Normal view MARC view ISBD view

Nostradamus, bibliomancer : (Record no. 22107)

[ view plain ]
MARC details
000 -LEADER
fixed length control field 00790nam a2200229 a 4500
003 - CONTROL NUMBER IDENTIFIER
control field PILC
005 - DATE AND TIME OF LATEST TRANSACTION
control field 20160204153427.0
008 - FIXED-LENGTH DATA ELEMENTS--GENERAL INFORMATION
fixed length control field 121205s19uu xx 00 eng d
020 ## - INTERNATIONAL STANDARD BOOK NUMBER
International Standard Book Number 9781601631329
050 ## - LIBRARY OF CONGRESS CALL NUMBER
Classification number BF 1815.N8
Item number .L445 2010
100 ## - MAIN ENTRY--PERSONAL NAME
Personal name Lemesurier, Peter.
245 ## - TITLE STATEMENT
Title Nostradamus, bibliomancer :
Remainder of title the man, the myth, the truth /
Statement of responsibility, etc Peter Lemesurier.
260 ## - PUBLICATION, DISTRIBUTION, ETC. (IMPRINT)
Place of publication, distribution, etc Franklin Lakes, N.J. ; London :
Name of publisher, distributor, etc New Page ; Deep,
Date of publication, distribution, etc 2010.
300 ## - PHYSICAL DESCRIPTION
Extent 288 pages :
Other physical details illustrations ;
Dimensions 24 cm.
500 ## - GENERAL NOTE
General note Includes bibliographical references and indexes. Includes 1 CD.
600 ## - SUBJECT ADDED ENTRY--PERSONAL NAME
Personal name Nostradamus, 1503-1566
General subdivision Sources
600 ## - SUBJECT ADDED ENTRY--PERSONAL NAME
Personal name Nostradamus, 1503-1566
General subdivision Prophesies
650 ## - SUBJECT ADDED ENTRY--TOPICAL TERM
Topical term or geographic name as entry element Fortune-telling by books
650 ## - SUBJECT ADDED ENTRY--TOPICAL TERM
Topical term or geographic name as entry element Prophecies (Occultism)
942 ## - ADDED ENTRY ELEMENTS (KOHA)
Koha item type Books
Source of classification or shelving scheme Library of Congress Classification
Call number prefix Foreign
Holdings
Withdrawn status Lost status Source of classification or shelving scheme Damaged status Home library Current library Shelving location Date acquired Source of acquisition Cost, normal purchase price Total Checkouts Full call number Barcode Date last seen Copy number Price effective from Koha item type
    Library of Congress Classification   College Library College Library General Circulation Section 12/05/2012 Library Fund 1614.00   BF 1815.N8 .L445 2010 C15698 05/15/2018 1 10/10/2013 Books

Nostradamus, bibliomancer :

APA

Lemesurier P., . (2010). Nostradamus, bibliomancer. Franklin Lakes, N.J. ; London: New Page ; Deep.

Chicago

Lemesurier Peter, . 2010. Nostradamus, bibliomancer. Franklin Lakes, N.J. ; London: New Page ; Deep.

Harvard

Lemesurier P., . (2010). Nostradamus, bibliomancer. Franklin Lakes, N.J. ; London: New Page ; Deep.

MLA

Lemesurier Peter, . Nostradamus, bibliomancer. Franklin Lakes, N.J. ; London: New Page ; Deep. 2010.

  • Place hold
  • Print
  • Cite
  • Add to your cart (remove)
  • Save record
    BIBTEX Dublin Core MARCXML MARC (non-Unicode/MARC-8) MARC (Unicode/UTF-8) MARC (Unicode/UTF-8, Standard) MODS (XML) RIS
  • More searches
    Search for this title in:
    Other Libraries (WorldCat) Other Databases (Google Scholar) Online Stores (Bookfinder.com) Open Library (openlibrary.org)

Exporting to Dublin Core...

SOUTHVILLE LIBRARY

Southville International School and Colleges Library

1281 Tropical Ave. Cor. Luxembourg St., BF Homes International, Las Pinas City

Tel. No. 8256374 / 252358 Loc. 117/146

Powered by Koha